000
00270nam a22001097a 4500
082
_a
621.395 BOS'C
100
_a
BOSCHEN, LEE
_9
56789
245
_a
COMPUTER CIRCUIT PROJECTS ,YOU CAN BUILD
260
_a
INDIAN POLIS
_b
HOWARD W.SAMS
_c
1963
300
_a
143P
942
_c
BK
999
_c
567135
_d
567135